000
00266nam a2200109Ia 4500
008
240625s9999 xx 000 0 und d
041
_a
eng
082
_a
658.404 MER
100
_a
MEREDITH JACK R
245
_a
PROJECT MANAGEMENT A MANAGERIAL APPROACH
260
_c
2008
999
_c
34880
_d
34880